Suisse - Hallo Suzie Guten Morgen - Statistiques

Statistiques générales
  • Ce quiz a été pris 10 fois
  • Le résultat moyen est 38 sur 51
Statistiques - réponses
Parole % Correct
Hallo
100%
Hallo
100%
Hallo
100%
guten
86%
Guten
86%
Guten
86%
komm
86%
komm
86%
komm
86%
komm
86%
komm
86%
komm
86%
komm
86%
komm
86%
komm
86%
komm
86%
komm
86%
komm
86%
komm
86%
komm
86%
komm
86%
komm
86%
lalala
86%
lalala
86%
lalala
86%
morgen
86%
morgen
86%
morgen
86%
spielen
86%
spielen
86%
spielen
86%
spielen
86%
spielen
86%
spielen
86%
Susie
86%
wir
86%
wir
86%
wir
86%
wir
86%
wir
86%
wir
86%
Peter
57%
kinder
43%
drei
14%
drei
14%
eins
14%
eins
14%
los
14%
los
14%
zwei
14%
zwei
14%
Aucun quiz correspondant
Distribution des résultats
% des personnes avec chaque résultat
Percentile par nombre de réponses
Votre historique - résultats
Vous n’avez pas pris ce quiz